[Event "EST ch Teams"]
[Site "Tallinn"]
[Date "2020.08.28"]
[Round "1"]
[White "Kiik, Kalle"]
[Black "Pedoson, Georg Aleksander"]
[Result "1/2-1/2"]
[WhiteElo "2372"]
[BlackElo "2132"]
[PlyCount "62"]
[EventDate "2020.08.28"]
[EventType "team"]
[EventCountry "EST"]
[SourceVersionDate "2020.09.06"]
[WhiteTeam "Pühajärve MK"]
[BlackTeam "MK Kaksikodad"]
[WhiteTeamCountry "EST"]
[BlackTeamCountry "EST"]

1. c4 f5 2. g3 Nf6 3. Bg2 d6 4. d3 e5 5. Nc3 Be7 6. e4 Nc6 7. Nge2 O-O 8. O-O
Qe8 9. Nd5 Bd8 10. f3 Qg6 11. Be3 h5 12. Kh1 Qh7 13. Bf2 g5 14. Rc1 h4 15. gxh4
gxh4 16. Rg1 Kh8 17. Nxf6 Bxf6 18. Nc3 Bg5 19. Rb1 Nd4 20. Nb5 Nxb5 21. cxb5
fxe4 22. dxe4 Qh5 23. Bf1 Be6 24. Be2 Qh6 25. a4 Rg8 26. Qd3 Rg7 27. a5 b6 28.
b4 Rag8 29. Rbd1 Qf6 30. Qc3 Qh6 31. Qd3 Qf6 1/2-1/2

[Event "EST ch Teams"]
[Site "Tallinn"]
[Date "2020.08.28"]
[Round "1"]
[White "Orgse, Karl Kristofer"]
[Black "Seeman, Tarvo"]
[Result "0-1"]
[WhiteElo "1724"]
[BlackElo "2410"]
[PlyCount "66"]
[EventDate "2020.08.28"]
[EventType "team"]
[EventCountry "EST"]
[SourceVersionDate "2020.09.06"]
[WhiteTeam "MK Kaksikodad"]
[BlackTeam "Pühajärve MK"]
[WhiteTeamCountry "EST"]
[BlackTeamCountry "EST"]

1. Nf3 Nf6 2. g3 g6 3. Bg2 Bg7 4. O-O O-O 5. d3 d5 6. Nbd2 d4 7. Nb3 Nc6 8. e4
dxe3 9. fxe3 a5 10. e4 a4 11. Nbd2 a3 12. Nc4 Ng4 13. Rb1 axb2 14. Bxb2 Rxa2
15. Bxg7 Kxg7 16. h3 Nge5 17. Ncxe5 Nxe5 18. d4 Nxf3+ 19. Rxf3 e5 20. c3 Qe7
21. g4 h5 22. gxh5 Qg5 23. Qf1 Qxh5 24. Rb5 Qh4 25. Rxe5 b6 26. Rf4 Rxg2+ 27.
Kxg2 Bxh3+ 28. Kh2 Bg4+ 29. Kg2 Qh3+ 30. Kf2 Qxc3 31. Rd5 Be6 32. Rg5 Ra8 33.
Rf3 Qd2+ 0-1

[Event "EST ch Teams"]
[Site "Tallinn"]
[Date "2020.08.28"]
[Round "1"]
[White "Sepp, Olav"]
[Black "Grents, Joosep"]
[Result "1-0"]
[WhiteElo "2414"]
[BlackElo "1772"]
[PlyCount "83"]
[EventDate "2020.08.28"]
[EventType "team"]
[EventCountry "EST"]
[SourceVersionDate "2020.09.06"]
[WhiteTeam "Pühajärve MK"]
[BlackTeam "MK Kaksikodad"]
[WhiteTeamCountry "EST"]
[BlackTeamCountry "EST"]

1. Nf3 d6 2. d4 Nf6 3. g3 Nbd7 4. Bg2 e5 5. c4 Be7 6. Nc3 c6 7. O-O O-O 8. Qc2
Qc7 9. Rd1 Re8 10. h3 a6 11. a4 Bf8 12. a5 Rb8 13. e4 b6 14. axb6 Rxb6 15. Na4
Rb8 16. Be3 exd4 17. Nxd4 c5 18. Ne2 Ne5 19. g4 Rb4 20. b3 Nc6 21. Ng3 Rb8 22.
Nc3 Nb4 23. Qd2 Bb7 24. Bg5 Nd7 25. Nf5 Re6 26. Nd5 Nxd5 27. cxd5 Ree8 28. Qc3
Qb6 29. Rdb1 Bc8 30. Qc2 f6 31. Be3 Qc7 32. Nd4 Ne5 33. f4 Qb6 34. Ne6 Nf7 35.
Nxf8 Rxf8 36. b4 Qc7 37. bxc5 Rxb1+ 38. Rxb1 dxc5 39. Qxc5 Qd6 40. Qxd6 Nxd6
41. Bc5 Rd8 42. Rb8 1-0

[Event "EST ch Teams"]
[Site "Tallinn"]
[Date "2020.08.28"]
[Round "1"]
[White "Snitsarenko, Igor"]
[Black "Maidla, Vallo"]
[Result "0-1"]
[WhiteElo "1578"]
[BlackElo "2401"]
[PlyCount "82"]
[EventDate "2020.08.28"]
[EventType "team"]
[EventCountry "EST"]
[SourceVersionDate "2020.09.06"]
[WhiteTeam "MK Kaksikodad"]
[BlackTeam "Pühajärve MK"]
[WhiteTeamCountry "EST"]
[BlackTeamCountry "EST"]

1. e4 c5 2. Nf3 Nc6 3. d4 cxd4 4. Nxd4 e5 5. Nb5 d6 6. N1c3 a6 7. Na3 b5 8. Nd5
Nce7 9. Be3 Nxd5 10. Qxd5 Be6 11. Qd2 Nf6 12. f3 d5 13. Bd3 d4 14. Bf2 Be7 15.
O-O O-O 16. Rac1 Bxa2 17. Nb1 Be6 18. c3 Nh5 19. Qc2 Rc8 20. Rfd1 Bg5 21. Nd2
Nf4 22. g3 dxc3 23. gxf4 cxd2 24. Qxd2 Rxc1 25. Qxc1 Bxf4 26. Qa1 Qg5+ 27. Kh1
Qh5 28. Kg1 Qxf3 29. Bf1 Bxh2+ 30. Kxh2 Qxf2+ 31. Bg2 Qf4+ 32. Kg1 h5 33. Rf1
Qe3+ 34. Kh1 Rd8 35. Qxa6 Bc4 36. Rf3 Rd1+ 37. Kh2 Qg1+ 38. Kg3 h4+ 39. Kxh4
Qxg2 40. Qc8+ Kh7 41. Qf5+ g6 0-1

[Event "EST ch Teams"]
[Site "Tallinn"]
[Date "2020.08.28"]
[Round "1"]
[White "Lumiste, Rene"]
[Black "Vipp, Venno"]
[Result "1-0"]
[WhiteElo "2085"]
[BlackElo "1712"]
[PlyCount "35"]
[EventDate "2020.08.28"]
[EventType "team"]
[EventCountry "EST"]
[SourceVersionDate "2020.09.06"]
[WhiteTeam "Pühajärve MK"]
[BlackTeam "MK Kaksikodad"]
[WhiteTeamCountry "EST"]
[BlackTeamCountry "EST"]

1. e4 c5 2. d4 cxd4 3. c3 dxc3 4. Nxc3 Nc6 5. Nf3 d6 6. Bc4 Bg4 7. Bxf7+ Kxf7
8. Ng5+ Ke8 9. Qxg4 Nf6 10. Qe6 Nd4 11. Qf7+ Kd7 12. O-O h6 13. Rd1 Nc2 14.
Rxd6+ Kxd6 15. Bf4+ Kc6 16. Qc4+ Kd7 17. Rd1+ Ke8 18. Qf7# 1-0

[Event "EST ch Teams"]
[Site "Tallinn"]
[Date "2020.08.28"]
[Round "1"]
[White "Shnurov, Daniil"]
[Black "Virro, Toomas"]
[Result "1-0"]
[WhiteElo "1532"]
[BlackElo "1732"]
[PlyCount "101"]
[EventDate "2020.08.28"]
[EventType "team"]
[EventCountry "EST"]
[SourceVersionDate "2020.09.06"]
[WhiteTeam "MK Kaksikodad"]
[BlackTeam "Pühajärve MK"]
[WhiteTeamCountry "EST"]
[BlackTeamCountry "EST"]

1. d4 e6 2. c4 d5 3. Nc3 Nf6 4. Bg5 Be7 5. e3 O-O 6. Nf3 h6 7. Bh4 Nbd7 8. cxd5
exd5 9. Bd3 c6 10. O-O Re8 11. Qc2 Nf8 12. Ne5 Ng4 13. Bxe7 Qxe7 14. Nxg4 Bxg4
15. h3 Bh5 16. Rae1 Qg5 17. f4 Qg3 18. Qf2 Qxf2+ 19. Rxf2 f6 20. g4 Bg6 21. f5
Bf7 22. Na4 Re7 23. Kg2 Rae8 24. Rf3 Nd7 25. b4 b5 26. Nc3 Nb6 27. Re2 Nc4 28.
Kf2 Kf8 29. Bxc4 dxc4 30. e4 a6 31. h4 Rd8 32. Ke3 Bd5 33. Kf4 Bg8 34. Rd2 Red7
35. Ne2 a5 36. a3 axb4 37. axb4 Ra7 38. g5 hxg5+ 39. hxg5 Rda8 40. e5 Ra3 41.
gxf6 Rxf3+ 42. Kxf3 Ra3+ 43. Kg4 gxf6 44. e6 Rb3 45. Ra2 Bxe6 46. fxe6 Ke7 47.
Kf5 Re3 48. Ra7+ Ke8 49. Kxf6 Rf3+ 50. Ke5 c3 51. Kd6 1-0

[Event "EST ch Teams"]
[Site "Tallinn"]
[Date "2020.08.28"]
[Round "1"]
[White "Jezhov, Roman"]
[Black "Sirosh, Ilja"]
[Result "0-1"]
[WhiteElo "2272"]
[BlackElo "2405"]
[PlyCount "60"]
[EventDate "2020.08.28"]
[EventType "team"]
[EventCountry "EST"]
[SourceVersionDate "2020.09.06"]
[WhiteTeam "Kadrioru MK"]
[BlackTeam "SK Reval-Sport"]
[WhiteTeamCountry "EST"]
[BlackTeamCountry "EST"]

1. e4 c6 2. d4 d5 3. Nc3 dxe4 4. Nxe4 Nf6 5. Ng3 h5 6. h4 c5 7. c3 cxd4 8. Qxd4
Qxd4 9. cxd4 Nc6 10. Bb5 Bd7 11. N1e2 g6 12. Bg5 Bg7 13. Rc1 a6 14. Bc4 O-O 15.
O-O Rfd8 16. Nf4 Kf8 17. d5 Ne5 18. Rfe1 Nxc4 19. Rxc4 Rdc8 20. Rec1 Rxc4 21.
Rxc4 Rc8 22. b3 b5 23. Rxc8+ Bxc8 24. Bxf6 Bxf6 25. Ne4 Bxh4 26. g3 Bf5 27. Nc5
Bf6 28. Nxa6 Be5 29. a4 bxa4 30. bxa4 Bd6 0-1

[Event "EST ch Teams"]
[Site "Tallinn"]
[Date "2020.08.28"]
[Round "1"]
[White "Chukavin, Kirill"]
[Black "Petrov, Dmitri"]
[Result "1-0"]
[WhiteElo "2355"]
[BlackElo "2192"]
[PlyCount "47"]
[EventDate "2020.08.28"]
[EventType "team"]
[EventCountry "EST"]
[SourceVersionDate "2020.09.06"]
[WhiteTeam "SK Reval-Sport"]
[BlackTeam "Kadrioru MK"]
[WhiteTeamCountry "EST"]
[BlackTeamCountry "EST"]

1. e4 d5 2. exd5 Qxd5 3. Nc3 Qd8 4. d4 Nf6 5. Nf3 Bg4 6. h3 Bxf3 7. Qxf3 c6 8.
Be3 e6 9. Bd3 Nbd7 10. O-O-O Bb4 11. Ne2 Nd5 12. Kb1 Bd6 13. Bc1 b5 14. h4 Qa5
15. g4 N7b6 16. g5 Rb8 17. h5 Na4 18. g6 f5 19. h6 hxg6 20. Rdg1 b4 21. Bc4
Nac3+ 22. bxc3 bxc3+ 23. Bb3 Ba3 24. Bxa3 1-0

[Event "EST ch Teams"]
[Site "Tallinn"]
[Date "2020.08.28"]
[Round "1"]
[White "Neff, Sergei"]
[Black "Valner, Uku"]
[Result "0-1"]
[WhiteElo "2141"]
[BlackElo "2296"]
[PlyCount "116"]
[EventDate "2020.08.28"]
[EventType "team"]
[EventCountry "EST"]
[SourceVersionDate "2020.09.06"]
[WhiteTeam "Kadrioru MK"]
[BlackTeam "SK Reval-Sport"]
[WhiteTeamCountry "EST"]
[BlackTeamCountry "EST"]

1. Nf3 e6 2. e4 d5 3. Nc3 Nf6 4. d3 dxe4 5. Nxe4 Nxe4 6. dxe4 Qxd1+ 7. Kxd1 Bc5
8. Be3 Bxe3 9. fxe3 Nc6 10. Bd3 Bd7 11. Ke2 Ke7 12. a3 e5 13. b4 f6 14. h3 a5
15. c3 Nd8 16. Nd2 Be6 17. Bc4 b6 18. Rhb1 Bxc4+ 19. Nxc4 Nb7 20. Rd1 Rhd8 21.
Rxd8 Nxd8 22. Kd3 Nc6 23. Rc1 b5 24. Nd2 axb4 25. axb4 Ra3 26. Kc2 Ra2+ 27. Kd1
Kd6 28. Rc2 Ra1+ 29. Rc1 Ra3 30. Nb1 Ra4 31. Rc2 Nd8 32. Kc1 Ne6 33. Kb2 Ng5
34. Nd2 c5 35. Rc1 cxb4 36. c4 bxc4 37. Rxc4 Ne6 38. Nb3 Nd8 39. Rc5 Nc6 40.
Rd5+ Ke7 41. Rb5 Ra7 42. Rc5 Kd7 43. Rd5+ Kc8 44. Rd6 Kc7 45. Rd5 Kb6 46. Rd6
Rc7 47. Rd5 Nb8 48. Rd6+ Rc6 49. Rd8 Na6 50. Rd7 Rc7 51. Rd8 Rc3 52. Rd6+ Kb5
53. Rd5+ Kc6 54. Na5+ Kb6 55. Nb3 Rxe3 56. Rd6+ Kb5 57. Rd5+ Kc6 58. Na5+ Kc7
0-1

[Event "EST ch Teams"]
[Site "Tallinn"]
[Date "2020.08.28"]
[Round "1"]
[White "Narva, Mai"]
[Black "Krivenko, Dion"]
[Result "1/2-1/2"]
[WhiteElo "2313"]
[BlackElo "2025"]
[PlyCount "74"]
[EventDate "2020.08.28"]
[EventType "team"]
[EventCountry "EST"]
[SourceVersionDate "2020.09.06"]
[WhiteTeam "SK Reval-Sport"]
[BlackTeam "Kadrioru MK"]
[WhiteTeamCountry "EST"]
[BlackTeamCountry "EST"]

1. e4 c5 2. Nf3 d6 3. d4 cxd4 4. Nxd4 Nf6 5. Nc3 g6 6. f3 Bg7 7. Be3 a6 8. Qd2
h5 9. a4 Nbd7 10. Be2 Qc7 11. O-O Ne5 12. b3 Ned7 13. a5 h4 14. h3 Rh5 15. b4
Ne5 16. Na4 Ned7 17. c4 Rb8 18. Nb3 Re5 19. Bd4 Nh5 20. Bxe5 Bxe5 21. f4 Bxa1
22. Rxa1 Ng3 23. Bd3 b6 24. axb6 Nxb6 25. Qc3 f6 26. e5 Kf7 27. exd6 Qxd6 28.
c5 Nxa4 29. Qc4+ Qe6 30. Rxa4 Qxc4 31. Bxc4+ Be6 32. Bxe6+ Kxe6 33. Rxa6+ Kd5
34. c6 Rxb4 35. Nd2 Kd6 36. Ra7 Rxf4 37. c7 Kd7 1/2-1/2

[Event "EST ch Teams"]
[Site "Tallinn"]
[Date "2020.08.28"]
[Round "1"]
[White "Rauk, Tõnu"]
[Black "Nestor, Kaarel"]
[Result "1-0"]
[WhiteElo "2141"]
[BlackElo "2154"]
[PlyCount "113"]
[EventDate "2020.08.28"]
[EventType "team"]
[EventCountry "EST"]
[SourceVersionDate "2020.09.06"]
[WhiteTeam "Kadrioru MK"]
[BlackTeam "SK Reval-Sport"]
[WhiteTeamCountry "EST"]
[BlackTeamCountry "EST"]

1. d4 Nf6 2. Nf3 d5 3. c4 e6 4. g3 c5 5. cxd5 Qxd5 6. Nc3 Qd8 7. Bg2 Nc6 8. Qa4
Bd7 9. dxc5 Bxc5 10. Qc4 Qb6 11. O-O Na5 12. Qh4 Be7 13. Ne5 Nc6 14. Nxd7 Nxd7
15. Qa4 O-O 16. Qb5 Rac8 17. Be3 Qc7 18. Bf4 Qb6 19. Rfd1 a6 20. Qxb6 Nxb6 21.
Rac1 Bf6 22. b3 Nd4 23. Kf1 Nxb3 24. axb3 Rxc3 25. Rxc3 Bxc3 26. Bxb7 a5 27.
Bc7 Nd5 28. Bxd5 exd5 29. Rxd5 Ra8 30. Rd8+ Rxd8 31. Bxd8 f5 32. f3 Kf7 33. e4
Ke6 34. Ke2 h5 35. Kd3 Bb4 36. Kc4 fxe4 37. fxe4 Ke5 38. Kd3 Be1 39. Bg5 Bb4
40. Bf4+ Ke6 41. Bd2 Bd6 42. Bxa5 h4 43. Be1 h3 44. b4 g5 45. Ke3 g4 46. b5 Be5
47. Bf2 Bc7 48. Kd3 Bb8 49. b6 Bd6 50. b7 Kd7 51. Ba7 Bxg3 52. b8=Q Bxb8 53.
Bxb8 Ke6 54. Bf4 Kf6 55. Kd4 Ke6 56. e5 Kf5 57. Bg3 1-0

[Event "EST ch Teams"]
[Site "Tallinn"]
[Date "2020.08.28"]
[Round "1"]
[White "Kasela, Sten"]
[Black "Garber, Vjacheslav"]
[Result "1-0"]
[WhiteElo "2043"]
[BlackElo "2062"]
[PlyCount "63"]
[EventDate "2020.08.28"]
[EventType "team"]
[EventCountry "EST"]
[SourceVersionDate "2020.09.06"]
[WhiteTeam "SK Reval-Sport"]
[BlackTeam "Kadrioru MK"]
[WhiteTeamCountry "EST"]
[BlackTeamCountry "EST"]

1. d4 g6 2. e3 Bg7 3. f4 d6 4. Nf3 c5 5. c3 Qc7 6. Bb5+ Bd7 7. Qe2 a6 8. Bd3 e6
9. O-O Ne7 10. e4 O-O 11. Be3 b6 12. Nbd2 Bc8 13. e5 d5 14. g4 f6 15. Kh1 Nd7
16. Rf2 Re8 17. Rg1 Nf8 18. h4 Bd7 19. Rh2 Bb5 20. h5 Nd7 21. Nh4 Qc6 22. Ndf3
Nf8 23. exf6 Bxf6 24. Ne5 Bxd3 25. Qxd3 Qb5 26. Qb1 Kg7 27. Nef3 Rec8 28. f5
exf5 29. gxf5 Qe8 30. hxg6 hxg6 31. Bh6+ Kg8 32. Bxf8 1-0

[Event "EST ch Teams"]
[Site "Tallinn"]
[Date "2020.08.28"]
[Round "1"]
[White "Garanin, Aleksei"]
[Black "Volodin, Aleksander"]
[Result "1/2-1/2"]
[WhiteElo "2223"]
[BlackElo "2482"]
[PlyCount "107"]
[EventDate "2020.08.28"]
[EventType "team"]
[EventCountry "EST"]
[SourceVersionDate "2020.09.06"]
[WhiteTeam "SK Maletäht"]
[BlackTeam "SK Diagonaal"]
[WhiteTeamCountry "EST"]
[BlackTeamCountry "EST"]

1. d4 Nf6 2. c4 e6 3. Nf3 d5 4. Nc3 c6 5. e3 Nbd7 6. Be2 dxc4 7. Bxc4 b5 8. Bd3
Bd6 9. O-O O-O 10. b3 Bb7 11. Bb2 a6 12. Rc1 c5 13. Bb1 Qe7 14. Qe2 Rac8 15. e4
cxd4 16. Nxd4 g6 17. Rcd1 Rfd8 18. h3 Nh5 19. Nf3 Ne5 20. Nxe5 Bxe5 21. Rxd8+
Qxd8 22. Nd1 Bxb2 23. Qxb2 Qg5 24. Ne3 Nf6 25. Qd4 h5 26. Qb6 Bxe4 27. Bxe4
Nxe4 28. Qb7 Nd6 29. Qxa6 Qc5 30. Rd1 Rc6 31. Qa8+ Kg7 32. a4 bxa4 33. bxa4 Ne4
34. a5 Qb5 35. Qa7 Ra6 36. Qd4+ Nf6 37. Nc4 Qd5 38. Rd2 Ra8 39. Qf4 Qc5 40. Qd4
Qd5 41. Qf4 Qb5 42. Rb2 Qc6 43. Rb6 Qd5 44. Rd6 Qc5 45. Rd3 Ra7 46. Qd4 Rc7 47.
Nd6 Qxd4 48. Rxd4 Rc1+ 49. Kh2 Ra1 50. Rb4 Rd1 51. Rb6 Nd7 52. Rc6 Ne5 53. Rb6
Nd7 54. Rc6 1/2-1/2

[Event "EST ch Teams"]
[Site "Tallinn"]
[Date "2020.08.28"]
[Round "1"]
[White "Dubrovin, Robert"]
[Black "Aga, Rihard"]
[Result "1-0"]
[WhiteElo "2215"]
[BlackElo "2022"]
[PlyCount "115"]
[EventDate "2020.08.28"]
[EventType "team"]
[EventCountry "EST"]
[SourceVersionDate "2020.09.06"]
[WhiteTeam "SK Diagonaal"]
[BlackTeam "SK Maletäht"]
[WhiteTeamCountry "EST"]
[BlackTeamCountry "EST"]

1. d4 Nf6 2. c4 g6 3. Nc3 d5 4. Nf3 Bg7 5. Qb3 dxc4 6. Qxc4 O-O 7. e4 b6 8. Bf4
Ne8 9. Qd5 Qxd5 10. Nxd5 Nc6 11. Bb5 Nxd4 12. Nxd4 Bxd4 13. Bxe8 Rxe8 14. Nxc7
Bxb2 15. Rd1 Be6 16. Nxe8 Rxe8 17. O-O Bc4 18. Rfe1 e5 19. Bh6 Bd4 20. Be3 Bc3
21. Bd2 Bd4 22. a3 b5 23. Bb4 Ra8 24. Rc1 a5 25. Bc3 a4 26. Red1 Rd8 27. Rd2 f6
28. Bxd4 exd4 29. f4 Kf7 30. Kf2 Ke6 31. Rcd1 d3 32. Ke3 Rd6 33. Rc1 Kd7 34. g4
Kc6 35. f5 Kc5 36. Rb2 Rb6 37. fxg6 hxg6 38. h4 Re6 39. Rf2 b4 40. axb4+ Kxb4
41. h5 gxh5 42. gxh5 a3 43. Rf5 Rd6 44. Kd2 a2 45. h6 Bg8 46. Rh5 Bh7 47. Ra1
f5 48. e5 Ra6 49. Kxd3 Kb3 50. Rh2 Ra4 51. Rhxa2 f4+ 52. Ke2 Rd4 53. Ra7 Be4
54. R7a4 f3+ 55. Ke3 Rxa4 56. Rxa4 Kxa4 57. e6 Kb5 58. e7 1-0

[Event "EST ch Teams"]
[Site "Tallinn"]
[Date "2020.08.28"]
[Round "1"]
[White "Andrijashkin, Deniss"]
[Black "Golubenko, Valeri"]
[Result "1/2-1/2"]
[WhiteElo "1915"]
[BlackElo "2211"]
[PlyCount "90"]
[EventDate "2020.08.28"]
[EventType "team"]
[EventCountry "EST"]
[SourceVersionDate "2020.09.06"]
[WhiteTeam "SK Maletäht"]
[BlackTeam "SK Diagonaal"]
[WhiteTeamCountry "EST"]
[BlackTeamCountry "EST"]

1. e4 c5 2. Nf3 Nc6 3. Nc3 g6 4. d4 cxd4 5. Nxd4 Bg7 6. Nde2 Nf6 7. g3 O-O 8.
Bg2 d6 9. O-O Bd7 10. h3 Rc8 11. Be3 Ne5 12. b3 Qa5 13. Bd2 Qc7 14. Be3 a6 15.
f4 Nc6 16. Qd2 Qa5 17. Na4 Qxd2 18. Bxd2 Nxe4 19. Bxe4 Bxh3 20. Rfe1 Bxa1 21.
Rxa1 Bg4 22. Kf2 d5 23. Bd3 e5 24. Nec3 Be6 25. Nb6 Rcd8 26. fxe5 Nxe5 27. Bf4
f6 28. a4 d4 29. Ne4 Nxd3+ 30. cxd3 Bxb3 31. Nc5 Bd5 32. Bc7 Bc6 33. Bxd8 Rxd8
34. Re1 Kf7 35. a5 h5 36. Rb1 g5 37. Nc4 h4 38. gxh4 gxh4 39. Nxb7 Rg8 40. Rg1
Bxb7 41. Nd6+ Ke6 42. Rxg8 Kxd6 43. Rf8 Kc5 44. Rxf6 Bc6 45. Rf4 h3 1/2-1/2

[Event "EST ch Teams"]
[Site "Tallinn"]
[Date "2020.08.28"]
[Round "1"]
[White "Timoshin, Andrei"]
[Black "Sadekov, Maksim"]
[Result "1-0"]
[WhiteElo "2126"]
[BlackElo "1684"]
[PlyCount "135"]
[EventDate "2020.08.28"]
[EventType "team"]
[EventCountry "EST"]
[SourceVersionDate "2020.09.06"]
[WhiteTeam "SK Diagonaal"]
[BlackTeam "SK Maletäht"]
[WhiteTeamCountry "EST"]
[BlackTeamCountry "EST"]

1. e4 d5 2. exd5 Qxd5 3. Nc3 Qd8 4. d4 Nf6 5. Nf3 Bg4 6. Be2 e6 7. O-O Be7 8.
h3 Bh5 9. Bf4 O-O 10. a3 Nd5 11. Nxd5 exd5 12. Re1 Nd7 13. Ne5 Bxe2 14. Qxe2
Bd6 15. Qb5 Nb6 16. c3 Re8 17. a4 c6 18. Qb3 Rb8 19. Qc2 Qc7 20. Qf5 f6 21. Nd3
Bxf4 22. Rxe8+ Rxe8 23. Nxf4 Nc4 24. Nd3 b6 25. Qf3 Nd2 26. Qd1 Ne4 27. Qc2 Nd6
28. b3 Qf7 29. a5 Qh5 30. axb6 axb6 31. Ra6 Nc8 32. Qd2 Qf5 33. Kh2 h5 34. Nb4
Qd7 35. Qf4 c5 36. Nc2 Qb7 37. Ra1 Kf7 38. Ne3 Re4 39. Qf5 g6 40. Qxd5+ Qxd5
41. Nxd5 cxd4 42. c4 Re2 43. Rd1 Rxf2 44. Rxd4 Rb2 45. Rd3 Re2 46. h4 Re6 47.
Kg1 Ne7 48. Nc7 Re4 49. Rd7 g5 50. hxg5 fxg5 51. Nd5 Re6 52. Rb7 g4 53. Kf2 h4
54. b4 Kf8 55. Nxb6 Nc6 56. b5 Ne5 57. Nd7+ Nxd7 58. Rxd7 Rf6+ 59. Ke3 g3 60.
Rh7 Rf2 61. Rxh4 Rxg2 62. Kd4 Rh2 63. Rg4 g2 64. Kc5 Ke7 65. b6 Kd7 66. Rg7+
Kc8 67. Kb5 Kb8 68. Ka6 1-0

[Event "EST ch Teams"]
[Site "Tallinn"]
[Date "2020.08.28"]
[Round "1"]
[White "Nikitin, Arseni"]
[Black "Koop, Vjacheslav"]
[Result "1/2-1/2"]
[WhiteElo "1588"]
[BlackElo "2186"]
[PlyCount "68"]
[EventDate "2020.08.28"]
[EventType "team"]
[EventCountry "EST"]
[SourceVersionDate "2020.09.06"]
[WhiteTeam "SK Maletäht"]
[BlackTeam "SK Diagonaal"]
[WhiteTeamCountry "EST"]
[BlackTeamCountry "EST"]

1. e4 c5 2. Be2 Nc6 3. f4 d5 4. d3 dxe4 5. dxe4 Qxd1+ 6. Bxd1 b6 7. c3 Bb7 8.
Be3 e5 9. f5 g6 10. Ne2 Nf6 11. fxg6 hxg6 12. Ng3 Bh6 13. Bxh6 Rxh6 14. Rf1 Ke7
15. h3 Nd8 16. Nd2 Ne6 17. Bc2 Nf4 18. Rf2 Rd8 19. Nf3 N4h5 20. Nf1 Nxe4 21.
Bxe4 Bxe4 22. Nxe5 f5 23. Nd2 Bb7 24. Re2 Kf6 25. g4 g5 26. gxh5 Rxh5 27. Re3
f4 28. Ng4+ Kf7 29. Re5 Rd5 30. Rxd5 Bxd5 31. Nf2 Bg2 32. Nde4 Kg6 33. Rd1 Bxe4
34. Nxe4 Rxh3 1/2-1/2

[Event "EST ch Teams"]
[Site "Tallinn"]
[Date "2020.08.28"]
[Round "1"]
[White "Zaitsev, Boriss"]
[Black "Rikas, Artur"]
[Result "0-1"]
[WhiteElo "1966"]
[BlackElo "1563"]
[PlyCount "56"]
[EventDate "2020.08.28"]
[EventType "team"]
[EventCountry "EST"]
[SourceVersionDate "2020.09.06"]
[WhiteTeam "SK Diagonaal"]
[BlackTeam "SK Maletäht"]
[WhiteTeamCountry "EST"]
[BlackTeamCountry "EST"]

1. e4 e6 2. d4 d5 3. e5 c5 4. c3 Qb6 5. Nf3 Nc6 6. Bd3 cxd4 7. cxd4 Bd7 8. Be2
Nge7 9. b3 Nf5 10. Bb2 Bb4+ 11. Kf1 h5 12. a3 Be7 13. Nc3 Nfxd4 14. Nxd5 exd5
15. Bxd4 Nxd4 16. Qxd4 Qxb3 17. e6 Bxe6 18. Qxg7 O-O-O 19. Nd4 Qb2 20. Nxe6 Bf6
21. Qxf6 Qxf6 22. Rc1+ Kb8 23. Nxd8 Rxd8 24. g3 h4 25. Rd1 Re8 26. a4 Qf5 27.
Re1 Qh3+ 28. Kg1 d4 0-1

[Event "EST ch Teams"]
[Site "Tallinn"]
[Date "2020.08.28"]
[Round "2"]
[White "Külaots, Kaido"]
[Black "Jezhov, Roman"]
[Result "1-0"]
[WhiteElo "2529"]
[BlackElo "2272"]
[PlyCount "47"]
[EventDate "2020.08.28"]
[EventType "team"]
[EventCountry "EST"]
[SourceVersionDate "2020.09.06"]
[WhiteTeam "Pühajärve MK"]
[BlackTeam "Kadrioru MK"]
[WhiteTeamCountry "EST"]
[BlackTeamCountry "EST"]

1. e4 e5 2. Nf3 Nc6 3. Bb5 a6 4. Ba4 Nf6 5. O-O Nxe4 6. d4 Be7 7. Qe2 b5 8. Bb3
d5 9. dxe5 Na5 10. Rd1 Bb7 11. Nbd2 Nxd2 12. Bxd2 Nxb3 13. axb3 c5 14. Ba5 Qc8
15. b4 cxb4 16. Nd4 O-O 17. Rd3 Bc5 18. c3 Bxd4 19. cxd4 b3 20. Rxb3 Qf5 21.
Bb4 Rfe8 22. Qd2 f6 23. Rf3 Qg5 24. exf6 1-0

[Event "EST ch Teams"]
[Site "Tallinn"]
[Date "2020.08.28"]
[Round "2"]
[White "Petrov, Dmitri"]
[Black "Kiik, Kalle"]
[Result "1-0"]
[WhiteElo "2192"]
[BlackElo "2372"]
[PlyCount "93"]
[EventDate "2020.08.28"]
[EventType "team"]
[EventCountry "EST"]
[SourceVersionDate "2020.09.06"]
[WhiteTeam "Kadrioru MK"]
[BlackTeam "Pühajärve MK"]
[WhiteTeamCountry "EST"]
[BlackTeamCountry "EST"]

1. e4 g6 2. d4 Bg7 3. Nc3 d6 4. Be3 a6 5. Qd2 b5 6. f3 Nd7 7. h4 h5 8. Nh3 b4
9. Nd1 c5 10. Ng5 cxd4 11. Bxd4 Ngf6 12. Qxb4 O-O 13. c4 Qc7 14. Be2 Nc5 15.
O-O Bd7 16. Qd2 Rab8 17. b4 Na4 18. Rb1 Rfd8 19. Ne3 e6 20. Rfc1 Be8 21. Nd1
Qe7 22. a3 Nb6 23. Qe3 Nbd7 24. Qf2 Ne5 25. Nc3 Nfd7 26. Na4 f6 27. Nh3 g5 28.
Be3 Nf7 29. c5 Nde5 30. cxd6 Rxd6 31. Nc5 Bb5 32. a4 Bxe2 33. Qxe2 Rbd8 34.
Nxa6 g4 35. Rc7 R6d7 36. Rxd7 Rxd7 37. Nf4 f5 38. Nc5 Qxh4 39. Nxd7 Nxd7 40.
Nxe6 Bf6 41. fxg4 fxg4 42. Qf2 g3 43. Qf4 Qh2+ 44. Kf1 Nfe5 45. Bg1 Qh1 46.
Qxg3+ Ng4 47. Qh3 1-0

[Event "EST ch Teams"]
[Site "Tallinn"]
[Date "2020.08.29"]
[Round "2"]
[White "Seeman, Tarvo"]
[Black "Shlõkov, Vitali"]
[Result "1/2-1/2"]
[WhiteElo "2410"]
[BlackElo "2245"]
[PlyCount "141"]
[EventDate "2020.08.28"]
[EventType "team"]
[EventCountry "EST"]
[SourceVersionDate "2020.09.06"]
[WhiteTeam "Pühajärve MK"]
[BlackTeam "Kadrioru MK"]
[WhiteTeamCountry "EST"]
[BlackTeamCountry "EST"]

1. Nf3 Nf6 2. g3 g6 3. Bg2 Bg7 4. O-O O-O 5. d4 d6 6. Re1 Ne4 7. Nbd2 Nxd2 8.
Bxd2 e5 9. dxe5 dxe5 10. e4 Re8 11. Qe2 b6 12. Rad1 Ba6 13. Qe3 Qe7 14. Qb3 Nd7
15. Bg5 Nf6 16. Rd5 Qe6 17. Rxe5 Qxb3 18. axb3 Bb7 19. Rxe8+ Rxe8 20. Nd2 h6
21. Bxf6 Bxf6 22. c3 Bg5 23. Nc4 Ba6 24. h4 Bxc4 25. bxc4 Bf6 26. f4 Rd8 27. e5
Be7 28. Bd5 a5 29. Kf2 Kg7 30. Kf3 Bc5 31. Re2 Rd7 32. g4 Be7 33. g5 hxg5 34.
hxg5 Rd8 35. Rh2 a4 36. Ke4 a3 37. bxa3 Bxa3 38. Ra2 Bc1 39. Ra7 Rd7 40. Ra8
Bd2 41. Ra3 Bc1 42. Ra2 Re7 43. Kf3 Rd7 44. Re2 Re7 45. Kg4 Rd7 46. e6 Re7 47.
Rc2 fxe6 48. Rxc1 exd5 49. cxd5 Re3 50. c4 Rd3 51. Re1 Kf7 52. Re6 b5 53. Rf6+
Kg7 54. Rc6 bxc4 55. Rxc4 Rxd5 56. Rxc7+ Kf8 57. Kf3 Rd4 58. Ke3 Ra4 59. Rd7
Rb4 60. Rd4 Rb7 61. Ke4 Re7+ 62. Kd5 Kf7 63. Rc4 Ra7 64. Kd6 Ra6+ 65. Kd7 Rb6
66. Rc7 Ra6 67. Kd8+ Kf8 68. Rd7 Ra4 69. Rd6 Rxf4 70. Rxg6 Rd4+ 71. Kc7 1/2-1/2

[Event "EST ch Teams"]
[Site "Tallinn"]
[Date "2020.08.29"]
[Round "2"]
[White "Neff, Sergei"]
[Black "Sepp, Olav"]
[Result "0-1"]
[WhiteElo "2141"]
[BlackElo "2414"]
[PlyCount "50"]
[EventDate "2020.08.28"]
[EventType "team"]
[EventCountry "EST"]
[SourceVersionDate "2020.09.06"]
[WhiteTeam "Kadrioru MK"]
[BlackTeam "Pühajärve MK"]
[WhiteTeamCountry "EST"]
[BlackTeamCountry "EST"]

1. Nf3 Nf6 2. g3 g6 3. Bg2 Bg7 4. O-O O-O 5. d4 d6 6. a4 Na6 7. Re1 c5 8. c3 d5
9. Qb3 Qb6 10. Qa3 cxd4 11. cxd4 Qb4 12. Bd2 Qxa3 13. Rxa3 Ne4 14. Bc3 Bf5 15.
Nh4 Rfc8 16. f3 Nxc3 17. bxc3 Bxb1 18. Rxb1 Rxc3 19. Rxc3 Bxd4+ 20. e3 Bxc3 21.
Rxb7 e6 22. Rb3 Ba5 23. Bf1 Nb4 24. Ng2 Rc8 25. Ne1 Rc1 0-1